Microeconomics (Record no. 343220)

000 -LEADER
fixed length control field 00401 a2200157 4500
003 - CONTROL NUMBER IDENTIFIER
control field OSt
005 - DATE AND TIME OF LATEST TRANSACTION
control field 20180116182635.0
008 - FIXED-LENGTH DATA ELEMENTS--GENERAL INFORMATION
fixed length control field 160502b xxu||||| |||| 00| 0 eng d
040 ## - CATALOGING SOURCE
Transcribing agency 0
100 ## - MAIN ENTRY--PERSONAL NAME
Personal name Robert S. Pindyck
110 ## - MAIN ENTRY--CORPORATE NAME
Corporate name or jurisdiction name as entry element Daniel L.Rubinfeld
245 ## - TITLE STATEMENT
Title Microeconomics
Statement of responsibility, etc. Robert S. Pindyck
250 ## - EDITION STATEMENT
Edition statement 7th Ed
260 ## - PUBLICATION, DISTRIBUTION, ETC.
Place of publication, distribution, etc. Pearson Education India
Date of publication, distribution, etc. 2009
942 ## - ADDED ENTRY ELEMENTS (KOHA)
Institution code [OBSOLETE] NBS
Koha item type Book
Call number prefix 338.5 PIN
Source of classification or shelving scheme
Holdings
Withdrawn status Lost status Source of classification or shelving scheme Damaged status Not for loan Permanent Location Current Location Date acquired Full call number Barcode Date last seen Price effective from Koha item type Public note
  Write Off       Central Library (CL) Central Library (CL) 08/28/2013 338.5 PIN NBS8437 08/28/2013 08/28/2013 Book Write off File No.0908/IRC/NBS Dated Aug 16, 2018
© 2023 Central Library, National University of Sciences and Technology. All Rights Reserved.